What do These Two Movies Have in Common? - Statistics

General Stats
  • This quiz has been taken 622 times
  • The average score is 8 of 15
Answer Stats
Question Answer % Correct
Terminator 2 and Titanic Were directed by James Cameron
77%
WALL-E and Coco Are standalone Pixar films
72%
Spectre and Mission Impossible: Rogue Nation Feature the protagonists chasing after secret criminal organisations
68%
Zootopia and Sing are animated films with anthropomorphic animals as characters
67%
Inception and Interstellar Were directed by Christopher Nolan
63%
Antman and the Wasp and Doctor Strange Are in Phase 3 of the MCU films
59%
Deadpool and Fight Club Movies that break the 4th wall
54%
Iron Man 2 and Lucy Feature Scarlett Johansson
53%
The Godfather and A Bronx Tale Are mafia movies
52%
Austin Powers: International Man of Mystery and Coming to America Feature a multiple character actor
52%
Goldfinger and You Only Live Twice Films in which Sean Connery plays James Bond
48%
Return of the King and Ben Hur Winners of 11 Academy Awards
48%
The Red Balloon and Parasite Foreign films which won Oscars
46%
Gone with the Wind and Casablanca Have multiple quotes in the AFI's top 100 list
46%
Jurassic Park and The Shining Was added to the National Film Registry for preservation in 2018
40%
No matching quizzes found
Score Distribution
Percent of People with Each Score
Percentile by Number Answered
Your Score History
You have not taken this quiz